[Event "AUTO-INT-1961"]
[Site "http://www.queenalice.com/game.php?id=903860"]
[Date "2011.2.22"]
[Round "1"]
[White "VARAZDATYAN"]
[Black "papilon_br"]
[Result "1-0"]
[WhiteElo "1890"]
[BlackElo "1680"]

1. e4 e5 2. f4 exf4 3. Nf3 d5 4. exd5 Nf6 5. c4 Bd6 6. d4 O-O 7. Nc3 Bg4 8. h3
Bxf3 9. Qxf3 Nbd7 10. Bxf4 Re8+ 11. Be2 Bxf4 12. Qxf4 Nb6 13. O-O Qe7 14. Bd3
Qe3+ 15. Qxe3 Rxe3 16. Rad1 Rae8 17. Nb5 c6 18. dxc6 bxc6 19. Nd6 Rd8 20. c5
Nbd5 21. Rfe1 Rxe1+ 22. Rxe1 Nb4 23. Bc4 Nc2 24. Re7 Nd5 25. Bxd5 cxd5 26. Nxf7
Rf8 27. c6 Nxd4 28. c7 Nb5 29. a4 Nxc7 30. Nh6+ gxh6 31. Rxc7 Rd8 32. Rxa7 d4
33. Rc7 d3 34. Rc1 Rb8 35. Rb1 Rc8 36. b3 Rc2 37. Rd1 d2 38. Kf2 Rb2 39. Ke2
Rxb3 40. Rxd2 Ra3 41. Rd4 Ra2+ 42. Kf3 Kg7 43. Rd7+ Kg6 44. Ra7 h5 45. a5 h6 46.
a6 Ra3+ 47. Kf4 Ra4+ 48. Ke5 Ra5+ 49. Kd6 Kg5 50. Ra8 Ra2 51. a7 Kf4 52. Rf8+
Kg3 53. Rg8+ Kh4 54. a8=Q Rxa8 55. Rxa8 1-0

[Event "AUTO-INT-1961"]
[Site "http://www.queenalice.com/game.php?id=903861"]
[Date "2011.2.22"]
[Round "1"]
[White "papilon_br"]
[Black "VARAZDATYAN"]
[Result "0-1"]
[WhiteElo "1671"]
[BlackElo "1919"]

1. e4 e6 2. Nf3 d5 3. e5 c5 4. d4 Nc6 5. Bb5 a6 6. Bxc6+ bxc6 7. Nc3 cxd4 8.
Qxd4 f6 9. O-O c5 10. Qe3 d4 11. Qe4 Rb8 12. Ne2 Bb7 13. Qd3 Bxf3 14. gxf3 fxe5
15. Qxa6 Bd6 16. Bg5 Nf6 17. Bxf6 gxf6 18. Qc6+ Kf7 19. Qe4 f5 20. Qd3 Qc7 21.
b3 Rhg8+ 22. Kh1 Qc6 23. Ng3 Rg7 24. Nh5 Rg5 25. Ng3 Rbg8 26. Rg1 e4 27. fxe4
Bxg3 28. fxg3 fxe4 29. Qf1+ Ke7 30. Qg2 h5 31. Rae1 Rg4 32. Re2 h4 33. Qh3 hxg3
34. Qh7+ R8g7 35. Qh6 e3+ 36. Reg2 e2 37. h3 Qe4 38. hxg4 Rh7 39. Qxh7+ Qxh7+
40. Rh2 Qxh2# 0-1

[Event "AUTO-INT-1962"]
[Site "http://www.queenalice.com/game.php?id=904320"]
[Date "2011.2.23"]
[Round "1"]
[White "FranzMeM"]
[Black "VARAZDATYAN"]
[Result "0-1"]
[WhiteElo "1497"]
[BlackElo "1700"]

1. e4 e6 2. d4 d5 3. e5 c5 4. Bb5+ Bd7 5. Bxd7+ Nxd7 6. Nf3 f6 7. exf6 Ndxf6 8.
Bg5 h6 9. Bxf6 Nxf6 10. Nc3 cxd4 11. Nxd4 e5 12. Ne6 Qb6 13. Nxf8 Rxf8 14. O-O
d4 15. Na4 Qa5 16. b3 Rc8 17. Re1 Kf7 18. Nb2 Qc3 19. Na4 Qxc2 20. Qxc2 Rxc2 21.
Rxe5 Kg8 22. f3 Rfc8 23. Ree1 b5 24. g4 bxa4 25. bxa4 Nd5 26. a3 Ne3 27. a5 Rg2+
28. Kh1 Rb2 29. Rac1 Rcc2 30. Rxc2 Rxc2 31. h3 Ng2 32. Ra1 Nh4 33. f4 Nf3 34. f5
Rh2# 0-1

[Event "AUTO-INT-1962"]
[Site "http://www.queenalice.com/game.php?id=904321"]
[Date "2011.2.23"]
[Round "1"]
[White "VARAZDATYAN"]
[Black "FranzMeM"]
[Result "1-0"]
[WhiteElo "1634"]
[BlackElo "1497"]

1. e4 d6 2. d4 c6 3. Nf3 Bg4 4. Nc3 a6 5. Bc4 e6 6. h3 Bxf3 7. Qxf3 b5 8. Bb3
Be7 9. O-O Nf6 10. Bg5 Nbd7 11. a4 b4 12. Ne2 c5 13. c3 bxc3 14. bxc3 cxd4 15.
cxd4 Qb6 16. Rab1 Qd8 17. Rfc1 O-O 18. Qe3 d5 19. e5 Ne4 20. Bxe7 Qxe7 21. f3
Ng5 22. h4 Nxf3+ 23. Qxf3 Qxh4 24. Rc7 Qd8 25. Rbc1 f6 26. Bxd5 exd5 27. Qxd5+
Kh8 28. Rxd7 Qe8 29. Rcc7 fxe5 30. Rxg7 e4 31. Rxh7# 1-0

[Event "AUTO-INT-1962"]
[Site "http://www.queenalice.com/game.php?id=904332"]
[Date "2011.2.23"]
[Round "1"]
[White "J_Ricardo"]
[Black "VARAZDATYAN"]
[Result "0-1"]
[WhiteElo "1515"]
[BlackElo "1936"]

1. e4 e6 2. Nf3 d5 3. Bd3 Nf6 4. e5 Nfd7 5. Nc3 Bb4 6. a3 Bxc3 7. bxc3 c5 8. c4
Nc6 9. Bb2 Qc7 10. Bc3 Ndxe5 11. Nxe5 Nxe5 12. Qe2 Nxd3+ 13. Qxd3 d4 14. Bb2 e5
15. c3 O-O 16. cxd4 cxd4 17. O-O f5 18. a4 Be6 19. Rac1 Rac8 20. h3 Qa5 21. c5
Rxc5 22. Ba3 Rxc1 23. Rxc1 Rd8 24. Qc2 Rc8 25. Qb2 Rxc1+ 26. Qxc1 Qxa4 27. d3
Qb3 28. Bd6 Qxd3 29. Qc8+ Bxc8 30. Bxe5 Qd1+ 31. Kh2 d3 32. Bf4 Qe2 33. f3 d2
34. Bxd2 Qxd2 0-1

[Event "AUTO-INT-1962"]
[Site "http://www.queenalice.com/game.php?id=904333"]
[Date "2011.2.23"]
[Round "1"]
[White "VARAZDATYAN"]
[Black "J_Ricardo"]
[Result "1-0"]
[WhiteElo "1888"]
[BlackElo "1512"]

1. e4 e5 2. f4 exf4 3. Nf3 d6 4. Bc4 h6 5. O-O Nf6 6. Kh1 Nxe4 7. Re1 Bf5 8. d3
d5 9. dxe4 dxe4 10. Bxf7+ Ke7 11. Ne5 Nd7 12. Bg6 Nxe5 13. Bxf5 Kf7 14. Bxf4 Qf6
15. Bxe4 Re8 16. Bxe5 Qxe5 17. Bd5+ Kf6 18. Rxe5 Rxe5 19. Nc3 Bd6 20. Ne4+ Kg6
21. Qg4+ Kh7 22. Nf6+ gxf6 23. Qd7+ Be7 24. Qxc7 Re8 25. Qxb7 Kh8 26. Qd7 Bc5
27. h3 Bb6 28. Rf1 f5 29. Qf7 R5e7 30. Qxf5 Bc7 31. Qf6+ Kh7 32. Bc4 Be5 33.
Bd3+ Kg8 34. Qxh6 Rf7 35. Bc4 Rf8 36. Rxf7 Rxf7 37. Qg6+ Kf8 38. Qxf7# 1-0

[Event "AUTO-INT-1962"]
[Site "http://www.queenalice.com/game.php?id=904340"]
[Date "2011.2.23"]
[Round "1"]
[White "VARAZDATYAN"]
[Black "ppaazziinnii"]
[Result "0-1"]
[WhiteElo "1875"]
[BlackElo "1748"]

1. e4 e5 2. f4 Nc6 3. Nf3 d6 4. Bc4 Bg4 5. h3 Bxf3 6. Qxf3 Nd4 7. Qd1 Qh4+ 8.
Kf1 Qxf4+ 9. Kg1 Qxe4 10. Nc3 Qxc2 11. Qxc2 Nxc2 12. Rb1 Nf6 13. Kh2 Be7 14. Bb3
Nd4 15. Nd5 Nxb3 16. Nxc7+ Kd7 17. Nxa8 Nxc1 18. Nb6+ axb6 19. Rbxc1 d5 20. Rhe1
e4 21. Rc2 Rc8 22. Rec1 Rxc2 23. Rxc2 d4 24. Kg3 Nd5 25. Rc4 Bc5 26. a3 f5 27.
b4 Bd6+ 28. Kf2 e3+ 29. dxe3 dxe3+ 30. Ke2 f4 31. Rd4 Ke6 32. Kf3 g5 33. Re4+
Kf5 34. Rd4 Ke6 35. b5 Bxa3 36. Ke2 h5 37. Rd3 Bb4 0-1

[Event "AUTO-INT-1962"]
[Site "http://www.queenalice.com/game.php?id=904341"]
[Date "2011.2.23"]
[Round "1"]
[White "ppaazziinnii"]
[Black "VARAZDATYAN"]
[Result "0-1"]
[WhiteElo "1719"]
[BlackElo "1861"]

1. e4 e6 2. d4 d5 3. e5 c5 4. Nf3 Nc6 5. c4 Qb6 6. cxd5 exd5 7. Nc3 Bg4 8. Nxd5
Qa5+ 9. Bd2 Qd8 10. Bc4 Bxf3 11. Qxf3 Nxd4 12. Qc3 Ne7 13. Nxe7 Bxe7 14. O-O b5
15. Bd3 c4 16. Bxc4 bxc4 17. Qxc4 O-O 18. Bc3 Ne6 19. f4 Rc8 20. Qe4 Nc5 21. Qf5
Qb6 22. Bd4 Rfd8 23. Qg4 Rxd4 24. Qg3 Ne4 25. Qg4 Nf6 26. exf6 Bxf6 27. Kh1 Rc2
28. Rac1 Qxb2 29. Rxc2 Qxc2 30. h3 Qc4 31. Rb1 g6 32. Rb8+ Kg7 33. Qc8 Qf1+ 34.
Kh2 Qxf4+ 0-1

[Event "AUTO-OPEN-2274"]
[Site "http://www.queenalice.com/game.php?id=904495"]
[Date "2011.2.23"]
[Round "1"]
[White "goldenboy"]
[Black "VARAZDATYAN"]
[Result "1-0"]
[WhiteElo "2072"]
[BlackElo "1903"]

1. e4 e6 2. d4 d5 3. exd5 exd5 4. Nf3 Nf6 5. Bg5 h6 6. Bh4 Be7 7. Bd3 Ne4 8.
Bxe7 Qxe7 9. O-O O-O 10. Re1 f5 11. c4 c6 12. Nc3 Nxc3 13. Rxe7 Nxd1 14. Rxd1
Nd7 15. Rde1 Nf6 16. Nh4 Ne4 17. Ng6 Rf6 18. Ne5 Kf8 19. Rc7 Nd6 20. cxd5 cxd5
21. Rec1 b6 22. R1c6 Bb7 23. Nd7+ Ke7 24. Nxf6+ Kxf6 25. Rxd6+ Kg5 26. Rxg7+ Kf4
27. g3+ Kf3 28. Rxb7 Rc8 29. Rxd5 f4 30. Re5 fxg3 31. Rf5+ Kg4 32. Rg7+ Kh4 33.
hxg3+ Kh3 34. Bf1# 1-0

[Event "AUTO-OPEN-2274"]
[Site "http://www.queenalice.com/game.php?id=904496"]
[Date "2011.2.23"]
[Round "1"]
[White "VARAZDATYAN"]
[Black "goldenboy"]
[Result "0-1"]
[WhiteElo "1881"]
[BlackElo "2168"]

1. e4 e5 2. f4 exf4 3. Nf3 Be7 4. Bc4 Bh4+ 5. Nxh4 Qxh4+ 6. Kf1 d6 7. Qe1 Qxe1+
8. Kxe1 Nc6 9. d3 g5 10. h4 f6 11. hxg5 fxg5 12. Bxg8 Rxg8 13. Rxh7 Bd7 14. Nc3
O-O-O 15. Nd5 Rh8 16. Rg7 Rdg8 17. Rxd7 Kxd7 18. Nf6+ Ke6 19. Nxg8 Rxg8 20. Kf2
Nd4 21. Bd2 c6 22. c3 Nb5 23. Rh1 Rg7 24. Rh6+ Kd7 25. g3 fxg3+ 26. Kxg3 Nc7 27.
Kg4 Ne6 28. Kf5 Rf7+ 29. Rf6 Rxf6+ 30. Kxf6 g4 31. d4 g3 32. Be3 g2 33. Kf5 Ke7
34. Kg4 Kf6 35. Kg3 Ng5 36. Bxg5+ Kxg5 37. Kxg2 Kf4 38. e5 dxe5 39. dxe5 Kxe5
40. Kf3 c5 41. Ke3 b5 0-1

[Event "AUTO-OPEN-2274"]
[Site "http://www.queenalice.com/game.php?id=904515"]
[Date "2011.2.23"]
[Round "1"]
[White "diego2907"]
[Black "VARAZDATYAN"]
[Result "1-0"]
[WhiteElo "1442"]
[BlackElo "1799"]

1. e4 e6 2. d4 d5 3. e5 c5 4. c3 Nc6 5. Bb5 a6 6. Bxc6+ bxc6 7. Nh3 cxd4 8. cxd4
c5 9. Bg5 Be7 10. Be3 cxd4 11. Bxd4 Nh6 12. a3 Nf5 13. Bc3 O-O 14. O-O Bb7 15.
Nd2 d4 16. Bb4 Bxb4 17. axb4 Qd5 18. Nf3 f6 19. Nf4 Qc6 20. Re1 g5 21. Nh5 Nh4
22. Nxf6+ Rxf6 23. exf6 g4 24. Nxh4 h5 25. Qxd4 Kf7 26. Rac1 Qb5 27. Rc7+ Ke8
28. Rxe6+ 1-0

[Event "AUTO-OPEN-2274"]
[Site "http://www.queenalice.com/game.php?id=904516"]
[Date "2011.2.23"]
[Round "1"]
[White "VARAZDATYAN"]
[Black "diego2907"]
[Result "1-0"]
[WhiteElo "1888"]
[BlackElo "1463"]

1. e4 e5 2. f4 exf4 3. Nf3 d5 4. exd5 Qxd5 5. Nc3 c6 6. Nxd5 cxd5 7. Bb5+ Nc6 8.
O-O a6 9. Bxc6+ bxc6 10. Ne5 Bd6 11. d4 Bxe5 12. dxe5 Ne7 13. Bxf4 O-O 14. c4
Be6 15. cxd5 Bxd5 16. Rc1 Nf5 17. Bg5 g6 18. Bf6 Ne3 19. Qd2 Nxf1 20. Qh6 Bxg2
21. Qg7# 1-0

[Event "AUTO-OPEN-2274"]
[Site "http://www.queenalice.com/game.php?id=904527"]
[Date "2011.2.23"]
[Round "1"]
[White "VARAZDATYAN"]
[Black "DWGM9"]
[Result "0-1"]
[WhiteElo "1850"]
[BlackElo "1613"]

1. e4 Nf6 2. e5 Nd5 3. c4 Nb6 4. d4 d6 5. f4 Nc6 6. Nf3 Bg4 7. Be3 dxe5 8. fxe5
Bxf3 9. gxf3 e6 10. a3 Be7 11. Be2 Bh4+ 12. Kf1 O-O 13. Kg2 f5 14. exf6 Qxf6 15.
Rg1 Bg5 16. Bxg5 Qxg5+ 17. Kh1 Qf4 18. Nc3 Rad8 19. Rg4 Qf6 20. d5 Ne5 21. Rg3
Nbxc4 22. Ne4 Qf4 23. Qb3 exd5 24. Bxc4 dxc4 25. Qxb7 Ng6 26. Qxa7 Nh4 27. Rag1
Rd7 28. Qa4 Re7 29. Qxc4+ Kh8 30. Qd4 Ng6 31. Qb4 Ref7 32. Ng5 Rf6 33. Qxf4 Nxf4
34. Nxh7 Kxh7 35. Rxg7+ Kh6 36. Rxc7 Ng6 37. a4 Nf4 38. Rc4 Rg6 39. Rxg6+ Nxg6
40. Kg2 Rb8 0-1

[Event "AUTO-OPEN-2274"]
[Site "http://www.queenalice.com/game.php?id=904528"]
[Date "2011.2.23"]
[Round "1"]
[White "DWGM9"]
[Black "VARAZDATYAN"]
[Result "1-0"]
[WhiteElo "1714"]
[BlackElo "1821"]

1. d4 e6 2. c4 d5 3. cxd5 exd5 4. Nc3 Bb4 5. Nf3 Nf6 6. a3 Bxc3+ 7. bxc3 O-O 8.
e3 Bg4 9. Be2 Nbd7 10. h3 Bh5 11. O-O c6 12. Bb2 Re8 13. Nd2 Bxe2 14. Qxe2 Nb6
15. Rab1 Na4 16. Qd3 Nxb2 17. Rxb2 Qc7 18. Rfb1 b6 19. a4 Ne4 20. Nxe4 dxe4 21.
Qc2 f5 22. Qb3+ Kh8 23. c4 c5 24. d5 Rad8 25. Rd1 f4 26. Rbd2 fxe3 27. Qxe3 h6
28. d6 Qc6 29. d7 Re7 30. Rd6 Qxa4 31. Rxh6+ gxh6 32. Qxh6+ Kg8 33. Qg6+ Kh8 34.
Qf6+ Kg8 35. Ra1 Qxd7 36. Ra3 Qe6 37. Rg3+ Kh7 38. Qh4+ Qh6 39. Qxe7+ Kh8 40.
Qxd8+ 1-0